000 00762nam a22002417a 4500
003 UA-OsUOA
001 132746
007 ta
008 20180905b un ||||| |||| 00| 0 ukr d
100 _aЛиванцев К. Е.
090 _a340.12(091)
_bЛ55
942 _cBK
040 _aUA-OsUOA
_brus
_cUA-OsUOA
_dUA-OsUOA
245 _aИстория государства и права средних веков
_bучебное пособие
300 _a283 с.
955 _a2
041 _arus
080 _a340.12(091)
020 _a5-314-00155-1
260 _aСПб
_bПитер
_c2003
650 7 _a340 Право в цілому. Пропедевтика. Методи та допоміжні правничі науки
_2UDC
999 _c421280
_d421280